000 00641nam a22002057a 4500
003 OSt
005 20260512152905.0
008 260512b |||||||| |||| 00| 0 eng d
020 _a9781836593430 Hb. Bp.
040 _aMMSU
_cULS
050 _aHF 5548.8 C65 2025 CIRC
100 _aColeman, Dennis
245 _aIndustrial and organizational psychology /
_cDennis Coleman.
260 _aUnited Kingdom :
_bETP ED-Tech Press,
_c2025.
300 _aix, 258 pages ;
_c26 cm.
504 _aIncludes bibliographical references and index.
650 _aPsychology, Industrial.
650 _aOrganizational behavior.
_9267
942 _2lcc
_cBK
999 _c29157
_d29157